Sports Quiz

Random Sports or Hockey Quiz
Score 0/25 Timer 15:00
0 Plays Today
Goals / Games Player % Correct
36 / 1283Ken Daneyko
61.5%
41 / 1008Jason Smith
43.4%
36 / 1102Hal Gill
41.2%
35 / 1417Luke Richardson
37.4%
23 / 1086Brad Marsh
32.4%
31 / 1224Sean O'Donnell
31.5%
36 / 1089Robyn Regehr
23.3%
38 / 1256Craig Ludwig
22.5%
52 / 1115Don Sweeney
22.2%
30 / 1052*Nick Schultz
22.2%
56 / 1001Steve Staios
20.1%
57 / 1080Ulf Samuelsson
17.8%
38 / 1055Scott Hannan
15.6%
Goals / Games Player % Correct
50 / 1056Lyle Odelein
15.5%
38 / 1033Harold Snepsts
14%
47 / 1033Curtis Leschyshyn
13.9%
55 / 1039Bret Hedican
13.3%
36 / 1191Marc Bergevin
13%
45 / 1018Keith Carney
12.8%
58 / 1028Petr Svoboda
12.2%
37 / 1061Bob Rouse
9.4%
47 / 1098Jay Wells
8.7%
36 / 1008Dave Lewis
7.9%
35 / 1066Terry Harper
6.6%
43 / 1056Jean-Guy Talbot
4%

You're not logged in!

Compare scores with friends on all Sporcle quizzes.
OR
Log In

Sporcle TV

Today on Sporcle TV


Watch our educational content, quiz creation guides, and fun videos on Sporcle TV.

Show Comments

Extras

Top Quizzes Today


Score Distribution

Paid Content

Your Account Isn't Verified!

In order to create a playlist on Sporcle, you need to verify the email address you used during registration. Go to your Sporcle Settings to finish the process.

Report this User

Report this user for behavior that violates our Community Guidelines.

Details: